Integralgleichungen : Einführung in Lehre und Gebrauch /
Guardado en:
| Autor Principal: | |
|---|---|
| Formato: | Libro |
| Idioma: | German |
| Publicado: |
Berlin :
Springer,
1949.
|
| Edición: | 2., berichtigte Aufl. |
| Etiquetas: |
Agregar Etiqueta
Sin Etiquetas, Sea el primero en etiquetar este registro!
|
| LEADER | 00570nam a22001815a 4500 | ||
|---|---|---|---|
| 001 | MAT.inmabb001592 | ||
| 008 | 031124s1949####gw############000#0#ger#d | ||
| 005 | 20170623152553.0 | ||
| 245 | 1 | 0 | |a Integralgleichungen : |b Einführung in Lehre und Gebrauch / |c von Georg Hamel. |
| 250 | |a 2., berichtigte Aufl. | ||
| 260 | |a Berlin : |b Springer, |c 1949. | ||
| 300 | |a viii, 166 p. ; |c 25 cm. | ||
| 510 | 4 | |a MR, |c MR0029072 | |
| 100 | 1 | |a Hamel, Georg. | |
| 084 | |a 45 | ||
| 010 | |a 50000303 | ||
| 859 | |h 45 |i H212-2 |p A-1977 |b BIB. MATEMATICA | ||
| 859 | |h 45 |i H212-2 |p A-6292 |t Ej. 2 |b BIB. MATEMATICA | ||
